[Event "Fagernes op-B"]
[Site "Fagernes"]
[Date "2023.04.05"]
[Round "5"]
[White "Bjornstad, Frode"]
[Black "Yilmaz, Kazim"]
[Result "0-1"]
[WhiteElo "1270"]
[BlackElo "1516"]
[PlyCount "106"]
[EventDate "2023.04.02"]
[EventType "swiss"]
[EventRounds "9"]
[EventCountry "NOR"]
[SourceTitle "CBM 213 Extra"]
[Source "ChessBase"]
[SourceDate "2023.05.31"]
[SourceVersion "1"]
[SourceVersionDate "2023.05.31"]
[SourceQuality "1"]

1. e4 d5 2. exd5 Qxd5 3. Nc3 Qd8 4. d4 c6 5. Nf3 Bg4 6. Bc4 Bxf3 7. Qxf3 e6 8. a3 Qxd4 9. Bd3 Nf6 10. Be3 Qg4 11. Qg3 Qxg3 12. hxg3 h6 13. 0-0-0 Nd5 14. Bd2 Nxc3 15. Bxc3 Nd7 16. Rh4 0-0-0 17. Ba5 b6 18. Bc3 Nc5 19. Be2 Rxd1+ 20. Kxd1 Nd7 21. Bf3 Kc7 22. Rc4 c5 23. Rf4 f6 24. Bh5 Bd6 25. Rg4 g5 26. Re4 e5 27. Ke2 Nb8 28. Kf3 f5 29. Re1 Nc6 30. Bf7 Nd4+ 31. Bxd4 cxd4 32. g4 fxg4+ 33. Kxg4 Rf8 34. Bd5 Rxf2 35. Rc1 e4 36. Bxe4 Rf4+ 37. Kh5 Rxe4 38. Kxh6 Bf4 39. Rd1 Be3 40. c3 dxc3 41. bxc3 g4+ 42. Kg6 Bf2 43. Kf5 Ra4 44. Ra1 g3 45. Ra2 Bc5 46. Ke5 Rxa3 47. Rxa3 Bxa3 48. c4 Bc5 49. Ke4 a5 50. Kd3 a4 51. Kc2 a3 52. Kb3 Kd6 53. Kc2 Ke5 0-1